[Event "XV Open de Erandio "]
[Site "Erandio"]
[Date "2006.12.17"]
[Round "3.15"]
[White "Delgado Rodriguez, C."]
[Black "Villanueva Arguinberri, B."]
[Result "0-1"]
[WhiteElo "743"]
[BlackElo "1821"]
[PlyCount "79"]
[EventDate "2006.12.16"]

1. d4 Nf6 2. Nf3 d5 3. Bg5 e6 4. e3 Be7 5. Nbd2 O-O 6. c4 c6 7. Bd3 Nbd7 8. h3
Ne8 9. Bf4 f5 10. Ne5 Nd6 11. c5 Nf7 12. Ndf3 Bf6 13. Nxf7 Rxf7 14. Ne5 Nxe5
15. dxe5 Be7 16. Qc2 Qa5+ 17. Qc3 Qxc3+ 18. bxc3 Bxc5 19. h4 b6 20. h5 Bd7 21.
h6 g5 22. Bg3 Be7 23. f4 g4 24. Bh4 Bxh4+ 25. Rxh4 Kh8 26. Kd2 c5 27. g3 Be8
28. c4 dxc4 29. Bxc4 Re7 30. Rhh1 a6 31. a4 Rd8+ 32. Kc3 b5 33. axb5 axb5 34.
Bd3 Bc6 35. Rhb1 Rb7 36. Ra6 b4+ 37. Kb3 Rxd3+ 38. Kc2 Bd5 39. Kc1 Rd7 40. Rxe6
0-1

[Event "XV Open de Erandio "]
[Site "Erandio"]
[Date "2006.12.17"]
[Round "3.22"]
[White "Francisco Etxebarria, JA."]
[Black "Zabala Perez, A."]
[Result "1-0"]
[WhiteElo "713"]
[BlackElo "1809"]
[PlyCount "59"]
[EventDate "2006.12.16"]

1. d4 e6 2. Nf3 d5 3. e3 c5 4. c3 Nf6 5. Nbd2 c4 6. Qc2 b5 7. e4 Bb7 8. e5 Nfd7
9. Be2 Nc6 10. Nf1 Be7 11. Ng3 b4 12. O-O a5 13. Nh5 O-O 14. Nf4 a4 15. a3 bxa3
16. bxa3 Na5 17. Nh3 h6 18. Be3 Nb3 19. Ra2 Nb6 20. Nf4 Nc8 21. h3 Na7 22. Nh2
Nb5 23. Bc1 Qa5 24. Ng6 fxg6 25. Qxg6 Nxc1 26. Bh5 Qxc3 27. Ng4 Bg5 28. h4 Bd2
29. Nf6+ Rxf6 30. exf6 1-0

[Event "XV Open de Erandio "]
[Site "Erandio"]
[Date "2006.12.18"]
[Round "4.4"]
[White "Rodriguez Gonzalez, A."]
[Black "Varas Gonzalez, C."]
[Result "1/2-1/2"]
[WhiteElo "2024"]
[BlackElo "2281"]
[PlyCount "55"]
[EventDate "2006.12.16"]

1. e4 c5 2. Nc3 e6 3. f4 d5 4. exd5 exd5 5. Bb5+ Nc6 6. Nf3 Nf6 7. O-O Be7 8.
Ne5 Qd6 9. Qf3 O-O 10. Bxc6 bxc6 11. d3 Re8 12. b3 Ba6 13. Re1 Qc7 14. Bd2 Bd6
15. Ng4 Nxg4 16. Qxg4 Rad8 17. h3 Bc8 18. f5 Be5 19. Rf1 Re7 20. Rae1 Rde8 21.
Qf3 Bd4+ 22. Kh1 Rxe1 23. Rxe1 Rxe1+ 24. Bxe1 Qe5 25. Ne2 Bxf5 26. Bg3 Qe6 27.
Nxd4 cxd4 28. Qf4 1/2-1/2

[Event "XV Open de Erandio "]
[Site "Erandio"]
[Date "2006.12.18"]
[Round "4.5"]
[White "Menoyo Alonso, I."]
[Black "Angulo Martinez, J."]
[Result "0-1"]
[WhiteElo "1817"]
[BlackElo "2101"]
[PlyCount "59"]
[EventDate "2006.12.16"]

1. e4 b6 2. d4 Bb7 3. Nd2 e6 4. Ngf3 c5 5. c3 cxd4 6. Nxd4 Nc6 7. N4f3 Nf6 8.
e5 Nd5 9. c4 Nde7 10. Ne4 Ng6 11. Nd6+ Bxd6 12. Qxd6 Qb8 13. b3 Ncxe5 14. Qxb8+
Rxb8 15. Nxe5 Nxe5 16. Bf4 d6 17. Bxe5 dxe5 18. O-O-O Ke7 19. f3 e4 20. f4 f5
21. Be2 Rbd8 22. g3 Kf6 23. Rhf1 e5 24. g4 exf4 25. Rxf4 Rxd1+ 26. Bxd1 g6 27.
gxf5 gxf5 28. Rh4 Ke5 29. Kd2 Bc6 30. Ke3 0-1

[Event "XV Open de Erandio "]
[Site "Erandio"]
[Date "2006.12.18"]
[Round "4.6"]
[White "Navarro Vallejo, J."]
[Black "Garrido Legarreta, JJ."]
[Result "0-1"]
[WhiteElo "596"]
[BlackElo "2062"]
[PlyCount "61"]
[EventDate "2006.12.16"]

1. e4 e6 2. Nf3 d5 3. exd5 exd5 4. d4 Nf6 5. Be3 Be7 6. Be2 O-O 7. O-O b6 8.
Nbd2 Bb7 9. c3 c5 10. Qc2 Nbd7 11. Rad1 Qc7 12. Ng5 Bd6 13. Ndf3 h6 14. Nh3 Ne4
15. Rfe1 f5 16. Qc1 f4 17. Bd2 g5 18. Nhxg5 hxg5 19. Bb5 c4 20. Rxe4 dxe4 21.
Nxg5 Bd5 22. Re1 Rae8 23. Qd1 f3 24. g3 Re7 25. Be3 Nf6 26. Nh3 Ng4 27. Bg5 Rg7
28. Qd2 Rf5 29. Bf4 Bxf4 30. Nxf4 e3 31. Qc2 0-1

[Event "XV Open de Erandio "]
[Site "Erandio"]
[Date "2006.12.18"]
[Round "4.7"]
[White "Antolin Aguirre, JI."]
[Black "Mirzoev, A."]
[Result "0-1"]
[WhiteElo "2149"]
[BlackElo "2527"]
[PlyCount "120"]
[EventDate "2006.12.16"]

1. d4 Nf6 2. Nf3 c5 3. e3 b6 4. c3 Bb7 5. Nbd2 g6 6. Bd3 Bg7 7. O-O O-O 8. Qe2
d6 9. dxc5 bxc5 10. c4 Nbd7 11. e4 Ng4 12. h3 Nge5 13. Bc2 Rb8 14. Rb1 Nc6 15.
Re1 e5 16. Nf1 Nd4 17. Nxd4 exd4 18. Bf4 Qc7 19. Qd2 Rfe8 20. Re2 Bc6 21. b3 a5
22. f3 a4 23. Ree1 Ne5 24. Nh2 h5 25. Kh1 Ra8 26. Bd3 Reb8 27. Nf1 axb3 28.
axb3 Ra3 29. Qc2 Qb6 30. Nd2 Qb4 31. Rec1 Rba8 32. Rb2 Qc3 33. Bxe5 Qxc2 34.
Bxc2 Bxe5 35. Bd3 h4 36. Kg1 Bf4 37. Rcb1 Kg7 38. Kf1 Kh6 39. Ke2 Ra2 40. Kd1
Kg5 41. Kc2 Bxd2 42. Kxd2 Kf4 43. Kc2 Kg3 44. Kc1 Bd7 45. Kd1 Rxb2 46. Rxb2
Ra1+ 47. Bb1 f5 48. Kc1 fxe4 49. fxe4 Bc6 50. Re2 d3 51. Rd2 Bxe4 52. Kb2 Ra6
53. Bxd3 Bxd3 54. Rxd3+ Kxg2 55. Re3 g5 56. Kc3 Ra8 57. Kd3 Rf8 58. Re6 Kxh3
59. Rxd6 g4 60. Rd5 Rf3+ 0-1

[Event "XV Open de Erandio "]
[Site "Erandio"]
[Date "2006.12.18"]
[Round "4.8"]
[White "Galzagorri Uli, Y."]
[Black "Diaz Herrero, A."]
[Result "1-0"]
[WhiteElo "2224"]
[BlackElo "1893"]
[PlyCount "76"]
[EventDate "2006.12.16"]

1. e4 c5 2. Nf3 d6 3. d4 cxd4 4. Nxd4 Nf6 5. Nc3 g6 6. g3 a6 7. Bg2 e5 8. Nb3
Be7 9. h3 Be6 10. Bh6 Nbd7 11. O-O Rc8 12. Qd2 Nb6 13. Na5 Qc7 14. Rfc1 Rd8 15.
Nd5 Bxd5 16. exd5 Nc4 17. Nxc4 Qxc4 18. b3 Qc7 19. c4 Nd7 20. b4 Rc8 21. h4 f5
22. a3 Bf6 23. Ra2 b6 24. Rac2 e4 25. Bf1 Ne5 26. Be2 Kf7 27. Qe3 Rhd8 28. c5
b5 29. c6 Re8 30. Qb3 Ra8 31. Ra2 Reb8 32. a4 bxa4 33. Rxa4 Nf3+ 34. Bxf3 exf3
35. Qxf3 Rb5 36. Rxa6 Rxa6 37. Qe2 Rxd5 38. Qxa6 Rd2 1-0

[Event "XV Open de Erandio "]
[Site "Erandio"]
[Date "2006.12.18"]
[Round "4.9"]
[White "Salaverri Garcia, JC."]
[Black "Fernandez, G."]
[Result "0-1"]
[WhiteElo "1819"]
[BlackElo "2177"]
[PlyCount "52"]
[EventDate "2006.12.16"]

1. b4 d6 2. Bb2 Nd7 3. e3 Ngf6 4. Nf3 e5 5. d4 Qe7 6. c4 g6 7. dxe5 dxe5 8. b5
Bg7 9. Ba3 Nc5 10. Be2 O-O 11. O-O b6 12. Nbd2 Bb7 13. Qc2 Rfd8 14. Rad1 e4 15.
Nd4 Qe5 16. Bb2 Qg5 17. Bc1 Ng4 18. f4 Nxe3 19. fxg5 Bxd4 20. Qb1 Nxd1+ 21. Kh1
Nc3 22. Qc2 Nxe2 23. Nxe4 Bxe4 24. Qxe2 Bd3 25. Qf3 Bxf1 26. Qxf1 Ne4 0-1

[Event "XV Open de Erandio "]
[Site "Erandio"]
[Date "2006.12.19"]
[Round "5.4"]
[White "Villanueva Arguinberri, B."]
[Black "Mirzoev, A."]
[Result "0-1"]
[WhiteElo "1821"]
[BlackElo "2527"]
[PlyCount "52"]
[EventDate "2006.12.16"]

1. d4 Nf6 2. Nf3 e6 3. c4 c5 4. e3 cxd4 5. exd4 d5 6. c5 Be7 7. Nc3 O-O 8. Bd3
b6 9. cxb6 Qxb6 10. O-O Ba6 11. Rb1 Bxd3 12. Qxd3 Nc6 13. Be3 Rfc8 14. Nd2 Nd7
15. f4 f5 16. g4 Rf8 17. h3 Rac8 18. Rf2 Bb4 19. Kh1 Ne7 20. Ne2 Nf6 21. Rg2
Rc6 22. Nb3 Ne4 23. a3 Bd6 24. Ng3 Rb8 25. gxf5 Nxg3+ 26. Rxg3 Nxf5 0-1

[Event "XV Open de Erandio "]
[Site "Erandio"]
[Date "2006.12.19"]
[Round "5.6"]
[White "Varas Gonzalez, C."]
[Black "Gonzalez Pereira, A."]
[Result "1-0"]
[WhiteElo "2281"]
[BlackElo "1802"]
[PlyCount "61"]
[EventDate "2006.12.16"]

1. e4 c5 2. Nf3 d6 3. d4 cxd4 4. Nxd4 Nf6 5. Nc3 e6 6. h3 e5 7. Nde2 Be7 8. g4
h6 9. Ng3 Nc6 10. Be3 Be6 11. Bg2 Rc8 12. Qd2 g6 13. Nd5 Bxd5 14. exd5 Na5 15.
b3 h5 16. g5 Nd7 17. h4 Qc7 18. Bh3 b5 19. a4 bxa4 20. Rxa4 Bd8 21. Ne4 Kf8 22.
O-O Rb8 23. Rxa5 Qxa5 24. Qxa5 Bxa5 25. Bxd7 Ke7 26. Bh3 Rb4 27. f3 Rhb8 28.
Ra1 Bb6 29. Bxb6 R8xb6 30. Bf1 Rd4 31. Bc4 1-0

[Event "XV Open de Erandio "]
[Site "Erandio"]
[Date "2006.12.19"]
[Round "5.7"]
[White "Fernandez, G."]
[Black "Francisco Etxebarria, JA."]
[Result "1-0"]
[WhiteElo "2177"]
[BlackElo "713"]
[PlyCount "45"]
[EventDate "2006.12.16"]

1. d4 c6 2. e4 d5 3. e5 Bf5 4. Nf3 e6 5. Be2 Nd7 6. a3 Qa5+ 7. c3 c5 8. dxc5
Qc7 9. O-O Bxc5 10. b4 Be7 11. Re1 f6 12. Nd4 fxe5 13. Nxf5 exf5 14. Qxd5 Ngf6
15. Qe6 a6 16. Bg5 Qd6 17. Qxf5 O-O 18. Qd3 Qb6 19. Be3 Qe6 20. Nd2 Ng4 21. Bf3
Nxe3 22. Rxe3 Bg5 23. Bd5 1-0

[Event "XV Open de Erandio "]
[Site "Erandio"]
[Date "2006.12.19"]
[Round "5.8"]
[White "Antolin Aguirre, A."]
[Black "Lococo Cobo, N."]
[Result "0-1"]
[WhiteElo "1971"]
[BlackElo "2059"]
[PlyCount "88"]
[EventDate "2006.12.16"]

1. d4 d5 2. c4 c6 3. e3 Nf6 4. Nc3 e6 5. Nf3 Nbd7 6. Bd3 dxc4 7. Bxc4 b5 8. Bd3
Bb7 9. O-O a6 10. a3 c5 11. Re1 Be7 12. Bc2 O-O 13. Nd2 cxd4 14. exd4 Qb6 15.
Nde4 Rfd8 16. Be3 Nxe4 17. Nxe4 Qc6 18. f3 Rac8 19. Rc1 Qd5 20. Qe2 Nb6 21. Nd2
Bf6 22. Be4 Qd7 23. Nb3 Rxc1 24. Rxc1 Bd5 25. Nc5 Qa7 26. Bxd5 Rxd5 27. Nb3 Nc4
28. Bf2 h6 29. Rc2 g6 30. g3 Kg7 31. Kg2 h5 32. h4 Qb6 33. Qe4 a5 34. Kh3 Nd6
35. Qe1 a4 36. Nc5 Nf5 37. g4 hxg4+ 38. fxg4 Nxd4 39. Bxd4 Bxd4 40. Ne4 Re5 41.
Re2 Qc6 42. g5 Qc4 43. Qf1 Qd3+ 44. Ng3 Rxe2 0-1

[Event "XV Open de Erandio "]
[Site "Erandio"]
[Date "2006.12.19"]
[Round "5.10"]
[White "Sanz Rodero, M."]
[Black "Gerrikabeitia Uriarte, A."]
[Result "1-0"]
[WhiteElo "1866"]
[BlackElo "1774"]
[PlyCount "48"]
[EventDate "2006.12.16"]

1. d4 d5 2. Nf3 Nf6 3. e3 e6 4. Bd3 c5 5. c3 Nc6 6. O-O Bd6 7. Nbd2 O-O 8. dxc5
Bxc5 9. e4 dxe4 10. Nxe4 Be7 11. Qe2 Qc7 12. Nxf6+ Bxf6 13. Qe4 g6 14. Bh6 Rd8
15. Bc2 Bd7 16. Bg5 Bxg5 17. Nxg5 h6 18. Nxf7 Kxf7 19. Qxg6+ Ke7 20. Qg7+ Kd6
21. Qxh6 Rf8 22. Rad1+ Ke7 23. Bg6 Be8 24. Qg5+ Rf6 1-0

[Event "XV Open de Erandio "]
[Site "Erandio"]
[Date "2006.12.20"]
[Round "6.1"]
[White "Epishin, V."]
[Black "Kasparov, S."]
[Result "1/2-1/2"]
[WhiteElo "2505"]
[BlackElo "2529"]
[PlyCount "63"]
[EventDate "2006.12.16"]

1. d4 Nf6 2. c4 e6 3. Nf3 Bb4+ 4. Bd2 c5 5. Bxb4 cxb4 6. Qd3 O-O 7. Nbd2 d6 8.
e4 b6 9. Be2 Bb7 10. O-O Nbd7 11. Rfd1 Qc7 12. Ne1 e5 13. Nc2 a5 14. Ne3 exd4
15. Qxd4 Nc5 16. Nf5 Ncxe4 17. Nxe4 Bxe4 18. Qxd6 Qb7 19. Bd3 Bxf5 20. Bxf5
Rfe8 21. a3 b3 22. a4 Ne4 23. Bxe4 Qxe4 24. Qd3 Qxd3 25. Rxd3 Rac8 26. Rxb3
Rxc4 27. Kf1 Re6 28. Re1 Rcc6 29. Rxe6 Rxe6 30. Rb5 Kf8 31. b4 axb4 32. Rxb4
1/2-1/2

[Event "XV Open de Erandio "]
[Site "Erandio"]
[Date "2006.12.21"]
[Round "6.2"]
[White "Bojkov, D."]
[Black "Ivanov, J."]
[Result "1/2-1/2"]
[WhiteElo "2447"]
[BlackElo "2370"]
[PlyCount "41"]
[EventDate "2006.12.16"]

1. e4 c5 2. Nf3 e6 3. d4 cxd4 4. Nxd4 Nf6 5. Nc3 d6 6. Be2 Be7 7. O-O Nc6 8.
Be3 Bd7 9. f4 Nxd4 10. Bxd4 Bc6 11. Bf3 O-O 12. a4 Nd7 13. Bf2 Qa5 14. Qe1 Bd8
15. Nd5 Qxe1 16. Rfxe1 Bxd5 17. exd5 e5 18. Bg3 Bf6 19. c3 exf4 20. Bxf4 Be5
21. Be3 1/2-1/2

[Event "XV Open de Erandio "]
[Site "Erandio"]
[Date "2006.12.21"]
[Round "6.3"]
[White "Mirzoev, A."]
[Black "Varas Gonzalez, C."]
[Result "1-0"]
[WhiteElo "2543"]
[BlackElo "2290"]
[PlyCount "81"]
[EventDate "2006.12.16"]

1. d4 Nf6 2. Nf3 e6 3. c4 Bb4+ 4. Nbd2 d6 5. g3 O-O 6. Bg2 Qe7 7. O-O Bxd2 8.
Qxd2 e5 9. b3 Re8 10. dxe5 dxe5 11. Bb2 Nc6 12. Qe3 h6 13. Rfd1 a5 14. a3 Bf5
15. Nh4 Bh7 16. h3 Nd4 17. Bxd4 exd4 18. Qxe7 Rxe7 19. Rxd4 g5 20. Nf3 Rxe2 21.
h4 Rb2 22. hxg5 hxg5 23. Nxg5 Rxb3 24. Nxh7 Kxh7 25. Re1 Rxa3 26. Re7 Ra1+ 27.
Kh2 a4 28. Bxb7 Ra7 29. Rf4 Kg7 30. Bd5 Ra6 31. Bxf7 Kf8 32. Rxc7 a3 33. c5 Rc1
34. Kg2 Rc2 35. Bb3 Rc3 36. Rf7+ Ke8 37. R7xf6 Rxf6 38. Rxf6 Rxb3 39. Ra6 Rc3
40. c6 Kd8 41. Ra7 1-0

[Event "XV Open de Erandio "]
[Site "Erandio"]
[Date "2006.12.20"]
[Round "6.4"]
[White "Paunovic, D."]
[Black "Fernandez, G."]
[Result "1-0"]
[WhiteElo "2505"]
[BlackElo "2177"]
[PlyCount "59"]
[EventDate "2006.12.16"]

1. d4 Nf6 2. Nf3 d6 3. g3 g6 4. Bg2 Bg7 5. O-O O-O 6. c4 c6 7. Nc3 Qb6 8. h3
Qa6 9. b3 b5 10. Nd2 Bb7 11. Bb2 Qb6 12. e3 Nbd7 13. Qe2 b4 14. Na4 Qc7 15. e4
e6 16. Rfe1 c5 17. e5 dxe5 18. dxe5 Ne8 19. Bxb7 Qxb7 20. f4 Qc6 21. Qg2 Rc8
22. Qxc6 Rxc6 23. Ne4 Nc7 24. Rad1 Rd8 25. Naxc5 Nxc5 26. Rxd8+ Bf8 27. Nf6+
Kg7 28. Red1 Nb7 29. Rc8 Bc5+ 30. Kg2 1-0

[Event "XV Open de Erandio "]
[Site "Erandio"]
[Date "2006.12.20"]
[Round "6.5"]
[White "Angulo Martinez, J."]
[Black "Rodriguez Gonzalez, A."]
[Result "1-0"]
[WhiteElo "2133"]
[BlackElo "2061"]
[PlyCount "95"]
[EventDate "2006.12.16"]

1. e4 d6 2. d4 Nf6 3. f3 g6 4. Be3 c6 5. c4 a6 6. Nc3 b5 7. Bd3 b4 8. Nce2 a5
9. Qd2 e5 10. g4 h5 11. g5 Nfd7 12. f4 c5 13. d5 exf4 14. Bxf4 Ne5 15. Bxe5
dxe5 16. Nf3 Qd6 17. h3 a4 18. a3 Bd7 19. Bc2 Be7 20. Nc1 f6 21. axb4 cxb4 22.
Nd3 Na6 23. Bxa4 Nc5 24. Bxd7+ Kxd7 25. Nxc5+ Qxc5 26. Rxa8 Rxa8 27. Qc1 b3 28.
gxf6 Bxf6 29. Ke2 Ra2 30. Qc3 Ra4 31. Nd2 Bg5 32. Nxb3 Qb6 33. Rf1 Bf4 34. Rxf4
exf4 35. Qg7+ Kd8 36. Qf8+ Kc7 37. Qe7+ Kc8 38. Qe8+ Kc7 39. Qxa4 Qe3+ 40. Kd1
f3 41. Qc6+ Kb8 42. Qd6+ Ka8 43. Qf8+ Kb7 44. Nd2 Qe2+ 45. Kc2 f2 46. d6 Kc6
47. b4 g5 48. b5+ 1-0

[Event "XV Open de Erandio "]
[Site "Erandio"]
[Date "2006.12.20"]
[Round "6.6"]
[White "Arranz Arranz, LJ."]
[Black "Garrido Legarreta, JJ."]
[Result "0-1"]
[WhiteElo "1845"]
[BlackElo "2082"]
[PlyCount "92"]
[EventDate "2006.12.16"]

1. e4 c5 2. Nf3 d6 3. d4 cxd4 4. Nxd4 Nf6 5. Nc3 a6 6. Bc4 e6 7. Bb3 b5 8. a3
Be7 9. O-O O-O 10. Be3 Bb7 11. f3 Nbd7 12. Bxe6 fxe6 13. Nxe6 Qc8 14. Nxf8 Bxf8
15. Qd2 Ne5 16. Bd4 Qe6 17. Rfd1 Be7 18. Rab1 Rc8 19. Kh1 Nc6 20. Bf2 g5 21.
Qe3 h6 22. Qb6 Qd7 23. Qe3 Bd8 24. Bg3 Bc7 25. Nd5 Nxd5 26. Rxd5 Ne5 27. Rdd1
Qc6 28. Bxe5 dxe5 29. Qb3+ Kg7 30. Qb4 Re8 31. Rd2 a5 32. Qb3 Re7 33. Rbd1 Bc8
34. h3 Be6 35. Qe3 Bb6 36. Qe1 Bc5 37. Qg3 Bf7 38. Qg4 Be6 39. Qg3 Kf6 40. h4
Rg7 41. Rd8 Be7 42. Rh8 Qxc2 43. Rxh6+ Kf7 44. Rg1 Qxb2 45. Qe1 Qxa3 46. Qd1
Qa2 0-1

[Event "XV Open de Erandio "]
[Site "Erandio"]
[Date "2006.12.20"]
[Round "6.7"]
[White "Lococo Cobo, N."]
[Black "Sanz Rodero, M."]
[Result "1/2-1/2"]
[WhiteElo "2077"]
[BlackElo "1889"]
[PlyCount "54"]
[EventDate "2006.12.16"]

1. f4 d5 2. Nf3 Nf6 3. g3 Bg4 4. Bg2 Nbd7 5. d3 Bxf3 6. Bxf3 e5 7. c4 e4 8. Bg2
c6 9. Nc3 Bb4 10. cxd5 cxd5 11. d4 O-O 12. e3 Rc8 13. Bd2 Nb6 14. Nxe4 Bxd2+
15. Nxd2 Qe7 16. Kf2 Rfe8 17. Re1 h5 18. h3 Nc4 19. Nxc4 Rxc4 20. Qd3 Rec8 21.
Re2 g6 22. Rd1 Qe6 23. Qb3 Ne4+ 24. Bxe4 Qxe4 25. Qd3 Qe6 26. Kg2 f5 27. Kf3
Kf7 1/2-1/2

[Event "XV Open de Erandio "]
[Site "Erandio"]
[Date "2006.12.20"]
[Round "6.9"]
[White "Bratu, J."]
[Black "Beitia Amador-Carrandis, E."]
[Result "1/2-1/2"]
[WhiteElo "2094"]
[BlackElo "2018"]
[PlyCount "40"]
[EventDate "2006.12.16"]

1. e4 e6 2. d4 d5 3. Nd2 c5 4. exd5 Qxd5 5. Ngf3 cxd4 6. Bc4 Qd8 7. O-O Nf6 8.
Nb3 Nc6 9. Nbxd4 Nxd4 10. Qxd4 Qxd4 11. Nxd4 a6 12. Bf4 b5 13. Bb3 Bb7 14. Rfe1
Nd5 15. Bg3 Bc5 16. Nf5 O-O 17. Bd6 Bxd6 18. Nxd6 Bc6 19. c4 bxc4 20. Nxc4 Rac8
1/2-1/2

[Event "XV Open de Erandio "]
[Site "Erandio"]
[Date "2006.12.21"]
[Round "7.3"]
[White "Garrido Legarreta, JJ."]
[Black "Paunovic, D."]
[Result "0-1"]
[WhiteElo "2062"]
[BlackElo "2500"]
[PlyCount "102"]
[EventDate "2006.12.16"]

1. d4 d6 2. e4 Nf6 3. f3 c5 4. d5 g6 5. c4 Bg7 6. Nc3 O-O 7. Bg5 e6 8. Qd2 exd5
9. cxd5 a6 10. a4 Re8 11. Nge2 Nbd7 12. Nd1 Ne5 13. Nec3 Qa5 14. Ra3 Rb8 15.
Be2 c4 16. Nf2 Qc7 17. a5 b5 18. axb6 Qxb6 19. Ra2 Nfd7 20. Be3 Qb4 21. O-O Nc5
22. Qc2 Bd7 23. f4 Ned3 24. Nxd3 cxd3 25. Bxd3 Nxd3 26. Qxd3 Bxc3 27. bxc3 Qxe4
28. Qxe4 Rxe4 29. Bd4 Bb5 30. Rb1 Rbe8 31. g3 f5 32. Ra5 Re2 33. Raa1 Kf7 34.
Bf2 h6 35. h4 Rd2 36. Rd1 Ree2 37. Rxd2 Rxd2 38. Bd4 Bc4 39. Ra3 Ke7 40. Kh1
Kd7 41. Kg1 Kc7 42. Ra4 Bxd5 43. Rxa6 Rg2+ 44. Kf1 Rxg3 45. Ra7+ Bb7 46. Ra4
Rg4 47. Bf6 Be4 48. Ra7+ Kb6 49. Rg7 Rxf4+ 50. Ke2 Rg4 51. Rh7 f4 0-1

[Event "XV Open de Erandio "]
[Site "Erandio"]
[Date "2006.12.21"]
[Round "7.4"]
[White "Ivanov, J."]
[Black "Angulo Martinez, J."]
[Result "1/2-1/2"]
[WhiteElo "2345"]
[BlackElo "2101"]
[PlyCount "58"]
[EventDate "2006.12.16"]

1. d4 Nf6 2. c4 e6 3. Nc3 Bb4 4. Qc2 d5 5. cxd5 Qxd5 6. Nf3 Qf5 7. Qxf5 exf5 8.
Bd2 c6 9. e3 Nbd7 10. Bd3 Nb6 11. Ke2 O-O 12. a3 Bd6 13. b4 Be6 14. Rhb1 Bc4
15. a4 Ne4 16. Be1 Bxd3+ 17. Kxd3 Rfe8 18. h3 Nd5 19. Nxd5 cxd5 20. Nh4 f4 21.
f3 Ng3 22. Bxg3 Rxe3+ 23. Kd2 Rae8 24. Nf5 Re2+ 25. Kd1 fxg3 26. Nxd6 Re1+ 27.
Kc2 R1e2+ 28. Kd1 Re1+ 29. Kc2 R1e2+ 1/2-1/2

[Event "XV Open de Erandio "]
[Site "Erandio"]
[Date "2006.12.21"]
[Round "7.5"]
[White "Varas Gonzalez, C."]
[Black "De Andres Oterino, C."]
[Result "1-0"]
[WhiteElo "2281"]
[BlackElo "1903"]
[PlyCount "115"]
[EventDate "2006.12.16"]

1. e4 c6 2. d4 d5 3. Nc3 dxe4 4. Nxe4 Nd7 5. Nf3 Ngf6 6. Nxf6+ Nxf6 7. Ne5 Nd7
8. Be3 Nxe5 9. dxe5 Bf5 10. Qxd8+ Rxd8 11. c3 a6 12. Bb6 Rd7 13. Bc4 e6 14. Be2
Be4 15. f3 Bd5 16. Bd3 c5 17. Rd1 Be7 18. c4 Bc6 19. Kf2 h5 20. Rd2 Rd4 21. Ke2
Rd7 22. Rc2 h4 23. Rd1 Rh5 24. f4 g5 25. f5 exf5 26. Bxf5 Rxd1 27. Kxd1 g4 28.
Bxg4 Rxe5 29. b3 Re4 30. Bh3 Rd4+ 31. Rd2 Rxd2+ 32. Kxd2 Bd6 33. Ke2 Kf8 34.
Kf2 Kg7 35. Bg4 Kg6 36. Bf3 Kg5 37. Bxc6 bxc6 38. h3 f6 39. Kf3 Kf5 40. Ba5 Be5
41. Be1 Kg5 42. Ke4 Bd4 43. Bd2+ Kg6 44. Kf4 f5 45. Be1 Bf6 46. Bf2 Be7 47. Ke5
Kg5 48. Be3+ Kg6 49. Ke6 Bg5 50. Bxc5 Bd2 51. Be7 Be1 52. a4 a5 53. Bd8 c5 54.
Be7 Bf2 55. Kd5 f4 56. Bxc5 Bxc5 57. Kxc5 Kf5 58. Kd4 1-0

[Event "XV Open de Erandio "]
[Site "Erandio"]
[Date "2006.12.21"]
[Round "7.6"]
[White "Torres Garcia, K."]
[Black "Galzagorri Uli, Y."]
[Result "1/2-1/2"]
[WhiteElo "1942"]
[BlackElo "2224"]
[PlyCount "105"]
[EventDate "2006.12.16"]

1. d4 c5 2. dxc5 e6 3. Nf3 Bxc5 4. e3 Nf6 5. Be2 Nc6 6. O-O d5 7. b3 O-O 8. Bb2
Qe7 9. Nbd2 e5 10. c4 d4 11. exd4 exd4 12. a3 a5 13. Bd3 Bg4 14. Re1 Qd6 15. h3
Bh5 16. Ne4 Nxe4 17. Bxe4 Rfe8 18. Qd3 Bg6 19. Bxg6 hxg6 20. Re4 Rxe4 21. Qxe4
Rd8 22. Qh4 f6 23. Qg3 Qxg3 24. fxg3 Ne5 25. Rd1 a4 26. b4 Nxc4 27. bxc5 Nxb2
28. Rxd4 Rxd4 29. Nxd4 Nc4 30. Nb5 Kf7 31. Nc3 Ke6 32. Kf2 Nxa3 33. Ke2 Nc4 34.
Nxa4 Kd5 35. Kd3 g5 36. h4 g4 37. h5 f5 38. Nb6+ Nxb6 39. cxb6 Kc5 40. Ke3 Kxb6
41. Kf4 Kc5 42. Kxf5 b5 43. Kg6 b4 44. Kxg7 b3 45. h6 b2 46. h7 b1=Q 47. h8=Q
Qb2+ 48. Kh7 Qxh8+ 49. Kxh8 Kd4 50. Kg7 Ke3 51. Kg6 Kf2 52. Kg5 Kxg3 53. Kf5
1/2-1/2

[Event "XV Open de Erandio "]
[Site "Erandio"]
[Date "2006.12.21"]
[Round "7.7"]
[White "Diaz Herrero, A."]
[Black "Fernandez, G."]
[Result "1/2-1/2"]
[WhiteElo "1893"]
[BlackElo "2177"]
[PlyCount "80"]
[EventDate "2006.12.16"]

1. e4 e6 2. Nf3 d5 3. Nc3 Nf6 4. e5 Nfd7 5. d4 c5 6. dxc5 Nc6 7. Bf4 Bxc5 8.
Bd3 f6 9. exf6 Qxf6 10. Bg3 O-O 11. O-O a6 12. Qe2 Nd4 13. Nxd4 Bxd4 14. Rae1
Nc5 15. Be5 Bxe5 16. Qxe5 Bd7 17. f4 Rac8 18. g3 Qxe5 19. Rxe5 d4 20. Ne2 Nxd3
21. cxd3 Rc2 22. Nxd4 Rxb2 23. Nxe6 Bxe6 24. Rxe6 Rxa2 25. Rc1 g6 26. Rc7 Rf7
27. Re8+ Kg7 28. Ree7 Rxe7 29. Rxe7+ Kf6 30. Rxb7 h5 31. h3 Kf5 32. Re7 Rd2 33.
Re5+ Kf6 34. Ra5 Rxd3 35. Rxa6+ Kf5 36. Kf2 h4 37. Ra5+ Kf6 38. Rg5 Rxg3 39.
Rxg3 hxg3+ 40. Kxg3 g5 1/2-1/2

[Event "XV Open de Erandio "]
[Site "Erandio"]
[Date "2006.12.21"]
[Round "7.8"]
[White "Sanz Rodero, M."]
[Black "Prieto Aranguren, A."]
[Result "0-1"]
[WhiteElo "1866"]
[BlackElo "2105"]
[PlyCount "33"]
[EventDate "2006.12.16"]

1. d4 Nf6 2. Nf3 g6 3. Nbd2 d5 4. e3 Bg7 5. Bd3 O-O 6. O-O Nbd7 7. c3 Re8 8. e4
dxe4 9. Nxe4 Nxe4 10. Bxe4 Nf6 11. Bc2 c6 12. Ne5 Be6 13. Bf4 Qc8 14. Qf3 Bd5
15. Qe2 Ne4 16. Qe3 Nf6 17. b3 0-1

[Event "XV Open de Erandio "]
[Site "Erandio"]
[Date "2006.12.21"]
[Round "7.9"]
[White "Gonzalez Pereira, A."]
[Black "Lococo Cobo, N."]
[Result "1/2-1/2"]
[WhiteElo "1802"]
[BlackElo "2059"]
[PlyCount "50"]
[EventDate "2006.12.16"]

1. e4 c5 2. Nf3 d6 3. d4 cxd4 4. Nxd4 Nc6 5. Be3 Nf6 6. f3 g6 7. Nc3 Bg7 8. Qd2
Nxd4 9. Bxd4 O-O 10. O-O-O Qa5 11. Kb1 Kh8 12. Bxf6 Bxf6 13. Nd5 Qxd2 14. Rxd2
Kg7 15. g4 Be6 16. Nc7 Rac8 17. Nxe6+ fxe6 18. h4 Be5 19. Rd3 h6 20. Rb3 Rc7
21. g5 hxg5 22. hxg5 Bf4 23. e5 Rh8 24. Rxh8 Kxh8 25. Rb4 dxe5 1/2-1/2

[Event "XV Open de Erandio "]
[Site "Erandio"]
[Date "2006.12.22"]
[Round "8.5"]
[White "Prieto Aranguren, A."]
[Black "Varas Gonzalez, C."]
[Result "1/2-1/2"]
[WhiteElo "2105"]
[BlackElo "2281"]
[PlyCount "43"]
[EventDate "2006.12.16"]

1. d4 Nf6 2. c4 e6 3. Nc3 Bb4 4. e3 b6 5. Bd3 Bb7 6. Nge2 O-O 7. a3 Bxc3+ 8.
Nxc3 d5 9. O-O Nbd7 10. cxd5 exd5 11. Qc2 c5 12. Bd2 a6 13. Rfe1 Re8 14. f3 b5
15. Rad1 cxd4 16. exd4 Qb6 17. Be3 Re7 18. Bf2 Rae8 19. Rxe7 Rxe7 20. Ne2 Nf8
21. Qc5 Qd8 22. Bg3 1/2-1/2

[Event "XV Open de Erandio "]
[Site "Erandio"]
[Date "2006.12.22"]
[Round "8.8"]
[White "Fernandez, G."]
[Black "Torres Garcia, K."]
[Result "1/2-1/2"]
[WhiteElo "2177"]
[BlackElo "1942"]
[PlyCount "76"]
[EventDate "2006.12.16"]

1. e4 e5 2. Bc4 Nf6 3. d3 d6 4. Nc3 Be7 5. f4 exf4 6. Bxf4 Nc6 7. Nf3 Be6 8.
Nd5 Bxd5 9. exd5 Nb4 10. Bb5+ c6 11. dxc6 bxc6 12. Bc4 O-O 13. O-O Nbd5 14. Qd2
Nxf4 15. Qxf4 d5 16. Bb3 Bd6 17. Qh4 Qb6+ 18. Kh1 Rae8 19. Nd4 Be7 20. Nf5 Bd8
21. Qg3 g6 22. Rae1 Rxe1 23. Rxe1 Nh5 24. Qf3 gxf5 25. Qxh5 Qf2 26. Qe2 Qh4 27.
g3 Qh6 28. Qe3 Qxe3 29. Rxe3 Kg7 30. Ba4 Bb6 31. Rf3 Re8 32. Bxc6 Re1+ 33. Kg2
Re2+ 34. Kh1 Kg6 35. Bxd5 Rxc2 36. b4 Rc1+ 37. Kg2 Rc2+ 38. Kh1 Rc1+ 1/2-1/2